Confident selling for the gos

Bibliographic Details
Main Author: Fisher, James R.Jr
Format: Book
Published: Kuala Lumpur : Golden Books Centre , 1992
Subjects:

MARC

LEADER 00000cam a2200000 7i4500
001 0000005077
002 000005474
005 20000330.0
020 |a 9837200294 
090 0 0 |a 658.81   |b FIS 
100 0 |a Fisher, James R.Jr   |f Dr 
245 1 0 |a Confident selling for the gos   |c Dr.James R.FisherJr 
260 |a Kuala Lumpur :   |b Golden Books Centre ,   |c 1992 
300 |a 313p. ;   |c 22cm. 
650 0 0 |a Sales management 
650 0 0 |a Selling 
999 |a 033367   |b BUKU   |c PINJAMAN   |e PERPUSTAKAAN KOMUNITI PETALING JAYA